| 000 | 00791cab a2200217 4500 | ||
|---|---|---|---|
| 001 | L136781 | ||
| 008 | 070223n2007 000 0 eng u | ||
| 035 | _a(Sirsi) u136781 | ||
| 041 | _aeng | ||
| 100 | 1 | _aHarris, David | |
| 245 | 0 | 0 | _aFocus Berkshire |
| 260 | _c2007 | ||
| 490 | 0 | 0 |
_aEstates Gazette _v(0707) 17 February 2007, 121-133(8) |
| 520 | _aCovers Reading's retail developments and argues that the town is set to reinforce its place in the shoppers' league table. Looks at Bracknell's £750 million regeneration scheme. Considers development projects in Maidenhead and Slough. Graphs. | ||
| 590 | _aKA | ||
| 651 | 4 | _aBERKSHIRE | |
| 690 | _aPROPERTY-COMMERCIAL PROPERTY-COMMERCIAL PROPERTY MARKET | ||
| 700 | 1 | _aCavanagh, Elaine | |
| 700 | 1 | _aTaylor, Andrew | |
| 942 | _n0 | ||
| 999 |
_c78440 _d78440 |
||